Facing up to IFRS (Record no. 76214)

MARC details
000 -LEADER
fixed length control field 00862cab a2200181 4500
001 - CONTROL NUMBER
control field ##L131639
008 - FIXED-LENGTH DATA ELEMENTS--GENERAL INFORMATION
fixed length control field 051122n2005 000 0 eng u
035 ## - SYSTEM CONTROL NUMBER
System control number (Sirsi) u131639
041 0# - LANGUAGE CODE
Language code of text/sound track or separate title eng
100 1# - MAIN ENTRY--PERSONAL NAME
Personal name Gale, Steve
245 00 - TITLE STATEMENT
Title Facing up to IFRS
260 ## - PUBLICATION, DISTRIBUTION, ETC.
Date of publication, distribution, etc. 2005
490 #0 - SERIES STATEMENT
Series statement Accountancy
Volume/sequential designation 136(1347) November 2005, 92-93(2)
520 ## - SUMMARY, ETC.
Summary, etc. As the financial reporting framework is subject to continuous revision, limited liability partnerships are facing new challenges in the preparation of the annual accounts. Discusses the impact of the introduction of International Financial Reporting Standards, which although not currently compulsory, are expected to apply to accounting periods ending or after March 2006.
590 ## - LOCAL NOTE (RLIN)
Local note IKA221105
690 ## - LOCAL SUBJECT ADDED ENTRY--TOPICAL TERM (OCLC, RLIN)
Topical term or geographic name as entry element MANAGEMENT-BUSINESS MANAGEMENT-FINANCIAL MANAGEMENT-ACCOUNTING-FINANCIAL REPORTING
942 ## - ADDED ENTRY ELEMENTS (KOHA)
Suppress in OPAC 0
Holdings
Withdrawn status Lost status Source of classification or shelving scheme Damaged status Not for loan Home library Current library Shelving location Date acquired Total Checkouts Full call number Barcode Date last seen Copy number Price effective from Koha item type
    Dewey Decimal Classification     London London Journal article 22/11/2005   L131639 131639-1001 06/08/2019 1 06/08/2019 Journal article